000 nam a22 7a 4500
999 _c10394
_d10394
008 180216b ||||| |||| 00| 0 eng d
100 _aCBSE
_96348
245 _aTeachers Manual Life Skills-VI
260 _aNew Delhi
_bCBSE
_c2013